000 00574nam a2200229 a 4500
001 nice12345678
003 IN_TiNIC
005 20260116013804.0
008 050524s1994 dela grp 000 0 eng
020 _a8170228
_c350
082 0 0 _a020.954
_bTAH
100 _aTaher, Mohammad
245 _aLibrarianship and Library Science in India
260 _aDelhi
_bConcept Pub Co
_c1994
300 _a240p
500 _aincludes index and biblioraphy
505 2 _aIndex
650 _aLibrary Science-India
902 _bSRS
942 _cBK
999 _c12509
_d12509